000 nam a22 a 4500
999 _c188891
_d188891
003 BLK
005 20230224172758.0
008 180411b bul|||||r ||||||| ||bul||
010 _aKNG00197912000
040 _aBLK
041 _aBUL
_cBUL
080 _aБългарска литература
_b821.163.2
_x-32
_z821.163.2-32
100 1 _aЧакъров, Александър Иванов
_eпърви автор
_9299938
139 _aЧакъров, Александър Иванов
_bЧ 19
245 1 0 _aБалканска мадона : Кървави разкази
_bЗа юноши
_cАлександър Иванов Чакъров.
257 _aBGR
260 _aВарна
_bХирон
_c1992
300 _a115 с.
_c20 см
380 _aX
490 _aПоредица Юноша
_9206389
500 _a5 030 тир.
852 _aЦб 169255
856 4 _qpdf
_i9.90
_ldisable
856 4 _qpdf
_i9.90
_ldisable
942 _cKNG
_n0
_s1
944 _aCR
_c12.12.2016
_kЕлиз_Шакирова
944 _aED
_c12.12.2016
_kСевдалина_Василева
999 _d188891